Physiological plant pathology /
Guardado en:
| Otros Autores: | , , |
|---|---|
| Formato: | Libro |
| Idioma: | English |
| Publicado: |
Berlin ; New York :
Springer-Verlag,
1976.
|
| Series: | Encyclopedia of plant physiology ;
new ser., v. 4 |
| Etiquetas: |
Agregar Etiqueta
Sin Etiquetas, Sea el primero en etiquetar este registro!
|
| LEADER | 00744cam a2200193 a 4500 | ||
|---|---|---|---|
| 001 | EEA.libagro009459 | ||
| 005 | 20190621122002.0 | ||
| 008 | 760206s1976####gw#######b####001#0#eng## | ||
| 020 | |a 0387075577 | ||
| 082 | 0 | 0 | |a 581.1 |a 581.2 |
| 245 | 0 | 0 | |a Physiological plant pathology / |c contributors, J. R. Aist ... [et al.] ; edited by R. Heitefuss and P. H. Williams. |
| 260 | |a Berlin ; |a New York : |b Springer-Verlag, |c 1976. | ||
| 300 | |a xx, 890 p. ; |c 25 cm. | ||
| 440 | 0 | |a Encyclopedia of plant physiology ; |v new ser., v. 4 | |
| 504 | |a Incluye referencias bibliográficas e índices. | ||
| 700 | 1 | |a Aist, J. R. | |
| 700 | 1 | |a Heitefuss, Rudolf. | |
| 700 | 1 | |a Williams, Paul H., |d 1938- | |
| 859 | |a AR-BbBCA |b BIB. AGRONOMIA |h 581.1 |i En56 4 |p 1982/0064 |v Vol. 4 |3 Vol. 4 | ||
